000 00908nam a2200229Ia 4500
003 0
005 20250122142429.0
008 150126s9999 xx 000 0 und d
050 _aPHS TD 883
_b.Ab167 2014
100 _aAburayyan, Tamam
245 _aComparative analysis on the effectiveness of snake plant (Sansevieria trifasciata) and peace lily (Spathiphyllum cochlearispathum) as air purifier /
_cTamam Aburayyan.
260 _aLas PiƱas City, Philippines :
_bSouthville International School and Colleges,
_c2014.
300 _a29 pages :
_billustration ;
_c28 cm.
504 _aIncludes bibliographical references.
650 _aEffectiveness of snake plant.
650 _aAir purification.
650 _aIndoor air pollution
_2Biological control.
650 _aSansevieria trifasciata.
650 _aSpathiphyllum cochlearispathum.
650 _aPlants as air purifiers.
942 _2lcc
_cPASS
999 _c278715
_d278715